000 00639nam a2200241Ia 4500
003 OSt
005 20221007063326.0
006 a|||||r|||| 00| 0
007 ta
008 221006b |||||||| |||| 00| 0 eng d
024 _a25,492
037 _cTextual
040 _aFLL
_cFLL
_beng
041 _2eng
_aeng
082 _aQ2:4xJ61, 15 F4
100 _aNilakantha Bhatta
_9202653
245 0 _aSanti mayukha
250 _a1st
260 _aBombay
_bThe Collections of Hindu Law Texts India
_c1924
300 _a114p
_ccm.
942 _hQ2:4xJ61, 15 F4
_cTEXL
_2CC
999 _c1130972
_d1130972